| 000 | 00584nam a22001937a 4500 | ||
|---|---|---|---|
| 005 | 20170908114016.0 | ||
| 010 | _aENG-120362 | ||
| 020 |
_a9788184050622 _c825.00 |
||
| 035 | _aEN-103894 | ||
| 037 | _bDBAD/PUB | ||
| 082 | _a302.23 | ||
| 100 | _aSilverblatt,Art | ||
| 245 |
_aGenre Studies in mass media : _cby Art Silverblatt _ba handbook / |
||
| 260 |
_aNew Delhi _bReference Press _c2010 |
||
| 270 |
_a4831/24,Ansari Road Darya Ganj _bNew Delhi _e110002 |
||
| 300 |
_axiv,258.: _c23cm(Hb) _bill. |
||
| 500 | _aIncludes index | ||
| 942 |
_2ddc _cEN _h302.23 _mSIL |
||
| 999 |
_c144199 _d144199 |
||